Statistiques concernant Tous les numéros 10 de Serie A lors de la saison 2023/2024

Cliquez ici pour prendre le quiz!

Statistiques générales

  • Ce quiz a été pris 37 fois
  • Le résultat moyen est 7 sur 17

Statistiques - réponses

ClubNationalitéRéponse% Correct
Inter MilanArgentineLautaro Martinez
100%
Milan ACPortugalRafael Leão
100%
SassuoloItalieDomenico Berardi
79%
JuventusFrancePaul Pogba
76%
LazioEspagneLuis Alberto
67%
SalernitanaSénégalBoulaye Dia
55%
FiorentinaArgentineNicolas Gonzalez
48%
UdineseEspagneGerard Deulofeu
42%
BologneSuèdeJesper Karlsson
18%
TorinoSerbieNemanja Radonjic
18%
AtalantaMaliEl Bilal Touré
15%
GenoaBrésilJunior Messias
15%
LecceFranceRemi Oudin
15%
MonzaItalieGianluca Caprari
9%
Hellas VéroneAustralieAjdin Hrustic
6%
FrosisoneItalieGiuseppe Caso
6%
CagliariItalieNicolas Viola
6%

Distribution des résultats

Percentile par nombre de réponses

% des personnes avec chaque résultat

Votre développement - résultats

Vous n’avez pas pris ce quiz